| 000 | 01190cam a2200385 i 4500 | ||
|---|---|---|---|
| 001 | 4171623 | ||
| 003 | OSt | ||
| 005 | 20250826114312.0 | ||
| 008 | 790305s1979 nyu b 001 0 eng | ||
| 010 | _a 79010903 | ||
| 020 | _a0531054101 | ||
| 020 | _a0531056244 | ||
| 020 | _a9780531054109 | ||
| 020 | _a9780531056240 | ||
| 035 | _a4171623 | ||
| 040 |
_aMMSU _cULS |
||
| 050 | 0 | 0 | _aHQ 1410 R9 1979 |
| 082 | 0 | 0 |
_a305.4/0973 _219 |
| 100 | 1 | _aRyan, Mary P. | |
| 245 | 1 | 0 |
_aWomanhood in America : _bfrom colonial times to the present / _cby Mary P. Ryan. |
| 250 | _a2d edition | ||
| 260 |
_aNew York : _bNew Viewpoints, _cc1979. |
||
| 300 |
_axix, 284 pages. ; _c23 cm. |
||
| 336 |
_atext _btxt _2rdacontent |
||
| 337 |
_aunmediated _bn _2rdamedia |
||
| 338 |
_avolume _bnc _2rdacarrier |
||
| 504 | _aIncludes bibliographical references and index. | ||
| 650 | 0 |
_aWomen _zUnited States _xHistory. |
|
| 650 | 0 |
_aWomen _zUnited States _xSocial conditions. |
|
| 650 | 0 | _aSex role. | |
| 650 | 0 |
_aSex discrimination _zUnited States. |
|
| 906 |
_a7 _bcbc _corignew _d1 _eocip _f19 _gy-gencatlg |
||
| 942 |
_2lcc _cBK |
||
| 999 |
_c26895 _d26895 |
||